|
|
|
|
| LEADER |
00000naa2a2200000 4500 |
| 001 |
385570 |
| 005 |
20231101063359.0 |
| 035 |
|
|
|a (RuTPU)RU\TPU\prd\13477
|
| 090 |
|
|
|a 385570
|
| 100 |
|
|
|a 20030508a2003 k y0rusy50 ca
|
| 101 |
0 |
|
|a rus
|
| 102 |
|
|
|a RU
|
| 200 |
1 |
|
|a Разработка залежей нефти в карбонатных коллекторах Знаменского месторождения
|f В. Ф. Мерзляков, Н. С. Волочков, А. М. Попов
|
| 225 |
1 |
|
|a Разработка и эксплуатация нефтяных месторождений
|
| 320 |
|
|
|a Библиогр.: 5 назв.
|
| 461 |
|
1 |
|0 (RuTPU)RU\TPU\prd\1638
|x 0028-2448
|t Нефтяное хозяйство
|o научно-технический производственный журнал
|d 1925-1940, 1946-
|
| 463 |
|
1 |
|0 (RuTPU)RU\TPU\prd\13359
|t № 3
|v С. 51-53
|d 2003
|
| 610 |
1 |
|
|a нефть
|
| 610 |
1 |
|
|a Знаменское месторождение
|
| 610 |
1 |
|
|a разработка
|
| 610 |
1 |
|
|a карбонатные коллекторы
|
| 610 |
1 |
|
|a трудноизвлекаемые запасы
|
| 675 |
|
|
|a 622.276.1/.4(470.57)
|v 3
|
| 700 |
|
1 |
|a Мерзляков
|b В. Ф.
|
| 701 |
|
1 |
|a Волочков
|b Н. С.
|
| 701 |
|
1 |
|a Попов
|b А. М.
|
| 801 |
|
1 |
|a RU
|b 63413507
|c 20030508
|g PSBO
|
| 801 |
|
2 |
|a RU
|b 63413507
|c 20131025
|g RCR
|
| 942 |
|
|
|c BK
|